000 00769nam a22002537a 4500
005 20170123162336.0
010 _a147991
020 _c00.00
035 _a147991
037 _bCen Lib/Ret
040 _aDPL
_bUR
082 _a841
_bہ و ش
100 _aہوش بلگرامی
_9108592
245 _aطوفان موحبّت /
_cہوش بلگرامی
246 _aTofan-e-mohabbat /
_bby Hosh Balrampuri
260 _aہوشیارگنج
_bالمخاطب نواب
_c1944
270 _bہوشیارگنج
300 _a233p.
_c21cm(Hb)
650 _a ادب - اردو
_9124589
650 _a اردو نظم.
_9124590
650 _aLiterature -- Urdu
_9124591
650 _aUrdu Poem
_9124592
942 _2ddc
_cUR
_h841.08
_mم خ د
999 _c108193
_d108193